00218nam a22000857a 4500008004100000082001700041100001800058245004700076300000900123230623b xxu||||| |||| 00| 0 eng d a328.773bILL cGeorge H Ryna aHandbook of Illinois Government 1991-1992 a139p